| 000 | 00812nam a22002537a 4500 | ||
|---|---|---|---|
| 999 |
_c19894 _d19894 |
||
| 003 | AR-CdUCM | ||
| 008 | 190523b ||||| |||| 00| 0 spa d | ||
| 020 | _a968-6085-11-4 | ||
| 040 |
_aMUNICIPALIDAD PROVINCIAL DEL CUSCO _cBIBLIOTECA MUNICIPAL DEL CUSCO |
||
| 041 | _heng | ||
| 082 |
_a621.3 / _bD19 |
||
| 100 |
_aDawes, Chester Laurens _941593 |
||
| 245 | _aTratado de electricidad / | ||
| 260 |
_aMéxico : _bG. Gili, _c1983. |
||
| 300 |
_a2 tomos ; _bIlustraciones, _c22 cm. |
||
| 505 | _aContenido: t.1: Corriente continua -- t.2: Corriente alterna. | ||
| 650 |
_aIngeniería eléctrica _923057 |
||
| 650 |
_aResitencia _941594 |
||
| 650 |
_aLey de Ohm _941595 |
||
| 650 |
_aCorriente _941596 |
||
| 700 |
_aRubio, Santiago (traducción) _941597 |
||
| 942 |
_2ddc _cLIBROS |
||
| 945 |
_adavv _d2019-05-23 |
||